| 000 | 00000nam 2200000za 4500 |
| 001 | 9.631420 |
| 003 | CaOODSP |
| 005 | 20220808095211 |
| 007 | cr ||||||||||| |
| 008 | 150407|2004||||xxc|||||o f|0| 0 fre d |
| 020 | |a0-662-76574-5 |
| 040 | |aCaOODSP|bfre |
| 043 | |an-cn--- |
| 086 | 1 |aCW66-239/2004F-PDF |
| 110 | 2 |aService canadien de la faune. |
| 245 | 13|aLe Programme des dons écologiques - confirmation que les dons écologiques sont admissibles pour une partie de la valeur |h[ressource électronique] |
| 260 | |aOttawa - Ontario : |bEnvironnement Canada. |c2004. |
| 300 | |a4p.|bphotographies |
| 590 | |a07-32|b2007-08-10 |
| 691 | 07|aProgramme relatif à l'environnement|2gcpds |
| 691 | 07|aAire de conservation|2gcpds |
| 691 | 07|aDon|2gcpds |
| 691 | 07|aRéglementation en matière de taxation|2gcpds |
| 775 | 08|tThe Ecological Gifts Program - confirmation that ecogifts are eligible for split-receipting |w(CaOODSP)9.686956 |
| 776 | 0#|tLe Programme des dons écologiques - confirmation que les dons écologiques sont admissibles pour une partie de la valeur |w(CaOODSP)9.682515 |
| 794 | |tLe Programme des dons écologiques - confirmation de l'admissibilité des dons écologiques pour une partie de la valeur |w(CaOODSP)9.641240 |
| 856 | 40|ahttp://publications.gc.ca|qPDF|s463 Ko |uhttps://publications.gc.ca/collections/collection_2007/ec/CW66-239-2004F.pdf |